000 01183cam a2200301 i 4500
005 20250804160104.0
008 170830s2017 enk j 000 0 fre
020 _a9780198408017
_qpbk.
020 _a0198408013
_qpbk.
040 _aKABLIB
_beng
_erda
_cKABLIB
082 0 0 _a443.21
_223
_bOXF
245 0 0 _aOxford School French dictionary /
_ceditors, Valerie Grundy, Nicholas Rollin, with the assistance of Natlie Pomier.
246 3 0 _aSchool French dictionary
250 _a6th ed.
260 _aOxford ;
_bNew York :
_bOxford University Press,
_cc2017
300 _avi, 634 p.
_c16 cm
500 _a"Build vocabulary and language skills"--Cover.
500 _aPrevious edition: 2012.
546 _aText translated from French to English and French to English.
650 0 _aEnglish language
_vDictionaries, Juvenile
_xFrench.
_914601
650 0 _aFrench language
_vDictionaries, Juvenile
_xEnglish.
_914602
650 0 _aPicture dictionaries, French.
_914603
650 0 _aPicture dictionaries, English.
_914604
700 1 _aGrundy, Valerie,
_eeditor.
_93037
700 1 _aRollin, Nicholas,
_eeditor.
_93039
700 1 _aPomier, Natalie,
_eeditor.
_914605
942 _2ddc
_cBOOK
999 _c5771
_d5771